Statistics for 30 Middle-Guessed Countries on the Jetpunk Countries of the World Quiz

Click here to take the quiz!

General Stats

  • This quiz has been taken 56 times
  • The average score is 14 of 30

Answer Stats

% Guessed Country % Correct
62Albania
58%
67Oman
54%
66Lithuania
52%
66Latvia
52%
61Uzbekistan
52%
61Belarus
52%
66Estonia
52%
61Bosnia
52%
63Taiwan
50%
61Serbia
48%
64Slovakia
48%
62Tunisia
48%
67Laos
48%
65Kazakhstan
46%
63Burma
46%
66Chad
46%
66Jordan
44%
67United Arab Emirates
44%
60Bangladesh
42%
63Zimbabwe
42%
63Luxembourg
42%
67Somalia
42%
62Bulgaria
40%
63Dominican Republic
40%
61Ghana
40%
63Guatemala
40%
66Jamaica
38%
62Nicaragua
36%
66Sri Lanka
36%
62Bahamas
28%

Score Distribution

Percentile by Number Answered

Percent of People with Each Score

Your Score History

You have not taken this quiz